Banking theory, law & practice / (Record no. 128091)

MARC details
000 -LEADER
fixed length control field 00726nam a22002417a 4500
005 - DATE AND TIME OF LATEST TRANSACTION
control field 20170124110034.0
010 ## - LIBRARY OF CONGRESS CONTROL NUMBER
LC control number A-823010
020 ## - INTERNATIONAL STANDARD BOOK NUMBER
International Standard Book Number 8170142008
Terms of availability 90.00
035 ## - SYSTEM CONTROL NUMBER
System control number A-823010
037 ## - SOURCE OF ACQUISITION
Source of stock number/acquisition Cen Lib/Ret
040 ## - CATALOGING SOURCE
Original cataloging agency DPL
Language of cataloging EN
082 ## - DEWEY DECIMAL CLASSIFICATION NUMBER
Classification number 332.1
Item number SUN
100 ## - MAIN ENTRY--PERSONAL NAME
Personal name Sundaram, K.P.M.
9 (RLIN) 112898
245 ## - TITLE STATEMENT
Title Banking theory, law & practice /
Statement of responsibility, etc by K.P.M. Sundhram [and] P.N. Varhney
250 ## - EDITION STATEMENT
Edition statement 9th ed
260 ## - PUBLICATION, DISTRIBUTION, ETC. (IMPRINT)
Place of publication, distribution, etc New Delhi
Name of publisher, distributor, etc Sulatan Chand & Sons
Date of publication, distribution, etc 1997
270 ## - ADDRESS
Address 23, Daryaganj
City New Delhi
Postal code 110002
300 ## - PHYSICAL DESCRIPTION
Extent various pagings
Dimensions 21cm(Hb)
650 ## - SUBJECT ADDED ENTRY--TOPICAL TERM
Topical term or geographic name as entry element Banks and banking
9 (RLIN) 112899
650 ## - SUBJECT ADDED ENTRY--TOPICAL TERM
Topical term or geographic name as entry element Banks and banking
9 (RLIN) 112900
700 ## - ADDED ENTRY--PERSONAL NAME
Personal name Varshney, P.N
9 (RLIN) 9074
942 ## - ADDED ENTRY ELEMENTS (KOHA)
Source of classification or shelving scheme Dewey Decimal Classification
Koha item type English Books
Classification part 332.1
Call number suffix SUN
Holdings
Withdrawn status Lost status Damaged status Not for loan Home library Current library Date acquired Source of acquisition Cost, normal purchase price Total Checkouts Full call number Barcode Date last seen Copy number Cost, replacement price Price effective from Koha item type Public note
Written off       Central Library Central Library 01/07/2015 Cen Lib/Ret 90.00   332.1 SUN A-823010 01/07/2015 1 90.00 15/09/2016 English Books W/d list no. 6818/18

© Delhi Public Library
Hit Counter
free hit counter